| 000 | 00606nam a2200265Ia 4500 | ||
|---|---|---|---|
| 005 | 20251020182555.0 | ||
| 008 | 200515s9999 xx 000 0 und d | ||
| 082 | _aR/696.6/R71 | ||
| 100 | _aROBERJOT, P. | ||
| 245 | 0 | _aElementos de electricidad industrial | |
| 260 | _aMéxico, D.F. | ||
| 260 | _c1990 | ||
| 650 | _aALTERNADORES | ||
| 650 | _aALUMBRADO | ||
| 650 | _aELECTRICIDAD | ||
| 650 | _aELECTROMOTORES | ||
| 650 | _aENERGIA | ||
| 650 | _aLIB | ||
| 650 | _aMAGNETISMO | ||
| 650 | _aPILAS | ||
| 650 | _aTELEFONIA | ||
| 650 | _aTIMBRES | ||
| 650 | _aTRANSFORMADORES | ||
| 942 | _cLIB | ||
| 999 |
_c2856 _d2856 |
||